Statistiken für TOP10 Badmintonspieler (Deutschland)

Klicken Sie hier um das Quiz zu spielen!

Allgemein

  • Dieses Quiz wurde 27 mal gespielt
  • Das Durchschnittsergebnis liegt bei 4 aus 10

Antwortstatistiken

#VornameSpieler% Korrekt
2KaiSchäfer
100%
4MatthiasKicklitz
63%
3MaxWeißkirchen
63%
1FabianRoth
50%
8AaronSonnenschein
50%
7BrianHoltschke
38%
10CamiloBorst
25%
6SamuelHsiao
25%
5Kian-YuOei
25%
9SanjeeviVasudevan
0%

Verteilung der Resultate

Perzentil nach korrekt beantworteten Fragen

Anzahl Personen mit jedem Resultat

Ihre Resultats-Entwicklung

Sie haben dieses Quiz noch nicht gespielt